Дело о службе состоявшего в ведомстве Театральной дирекции, уволенного с пенсионом сторожа Михайловского театра, отставного унте...

Доступно только в Электронных читальных залах Найти на картеНа карте
RUSMARC
00003803nmc2a22000003x 450
001c9c6b3ab-1de5-4738-997c-ef91fd801fa4
00520181227151830.0
100##$a20170630l18481886k l0rusy0189 ca
1010#$arus
102##$aRU
2001#$aДело о службе состоявшего в ведомстве Театральной дирекции, уволенного с пенсионом сторожа Михайловского театра, отставного унтер-офицера Яна Крыш
$j8 сентября 1848 г. - 18 февраля 1886 г.
251##$cДело
300##$aПо Санкт-Петербургской дирекции за 1848 год
300##$aДело
801#0$aRU
$bРГИА
$c20170630
$gRCR
801#1$aRU
$bГлавНИВЦ
$c20170630
$2rusmarc
801#2$aRU
$bПБ им. Б.Н. Ельцина
$c20181227
$gRCR
$2rusmarc
850##$aРГИА
852##$aРГИА
$eФедеральное казенное учреждение "Российский государственный исторический архив" (РГИА)
$j11609
937##$hРГИА
$d12248280
$aASBIBLIO_SCAN
462#0$1001dd3991dc-24e1-42ec-8838-ca4255420416
$12001
$a1746-1850 гг.
$1251
$cОпись
$1852
$j1
461#0$10019264ebf8-de62-4f1a-9eb4-9f22098dbbd5
$12001
$aДирекция императорских театров МИДв
$1251
$cФонд
$1852
$j497
215##$a28 л.
$d36,5х26 см
371##$aДокумент не является опубликованным и широко распространяемым
105##$ay###
1222#$ad
035##$ac9c6b3ab-1de5-4738-997c-ef91fd801fa4
856##$uhttp://readingroom.main.prlib.ru/item.aspx?id_node=n122530795&mode=full
Формат отображения